Random Indian State Flags - Statistics

General Stats
  • This quiz has been taken 67 times
  • The average score is 3 of 5
Answer Stats
Picture Answer % Correct
Andaman and Nicobar Islands
100%
Arunachal Pradesh
100%
Chhattisgarh
100%
Dadra and Nagar Haveli and Daman and Diu
100%
Jammu and Kashmir
100%
Jharkhand
100%
Karnataka
100%
Kerala
100%
Ladakh
100%
Lakshadweep
100%
Madhya Pradesh
100%
Maharashtra
100%
Mizoram
100%
Sikkim
100%
Tamil Nadu
100%
Assam
50%
Gujarat
50%
Nagaland
50%
Chandigarh
33%
Rajasthan
20%
Andhra Pradesh
0%
Bihar
0%
Delhi
0%
Goa
0%
Haryana
0%
Himachal Pradesh
0%
Manipur
0%
Meghalaya
0%
Odisha
0%
Puducherry
0%
Punjab
0%
Telangana
0%
Tripura
0%
Uttarakhand
0%
Uttar Pradesh
0%
West Bengal
0%
No matching quizzes found
Score Distribution
Percent of People with Each Score
Percentile by Number Answered
Your Score History
You have not taken this quiz